Quiz Cultura Generale - Quiz n°10 - Statistics

Statistiche generali
  • Questo quiz è stato fatto 301 volte
  • Il punteggio medio è 9 su 15
Statistiche sulle risposte
Domanda Risposta % Corretto
Come si traduce il temine inglese "to fly"? Volare
98%
Chi ha scritto l'Iliade secondo la tradizione? Omero
94%
Quanto vale la somma degli angoli interni di un triangolo? 180°
90%
Qual è la seconda nazione per popolazione del Sudamerica? Colombia
73%
In quale stato si trova Pamplona? Spagna
73%
Qual è l'unica lingua neolatina dell'est Europa? Rumeno
71%
In quale canto dell'inferno Dante narra le vicende di Paolo e Francesca? Quinto
68%
Quale numero è uguale al quadrato del doppio di 4? 64
67%
Chi era la moglie di Ulisse? Penelope
64%
Quale poeta ha scritto il carme "Dei sepolcri"? Ugo Foscolo
55%
Quale squadra ha vinto la prima edizione della Conference League? Roma
53%
Cosa si ottiene moltiplicando il volume per la densità? Massa
46%
Qual era la capitale dell'Impero carolingio sotto Carlo Magno? Aquisgrana
20%
Chi fu il secondo presidente degli Stati Uniti d'America? John Adams
12%
Qual è il primo capitolo della saga cinematografica di Indiana Jones? I predatori dell'arca perduta
10%
Nessun quiz corrispondente trovato
Distribuzione punteggi
Percentuale di utenti per punteggio
Percentile per numero di risposta
I tuoi punteggi nel tempo
Non hai fatto questo quiz